Climate change levy and your business (Record no. 101685)
[ view plain ]
| 000 -LEADER | |
|---|---|
| fixed length control field | 00909cam a2200253 4500 |
| 008 - FIXED-LENGTH DATA ELEMENTS--GENERAL INFORMATION | |
| fixed length control field | 010928n2001 000 0 eng u |
| 020 ## - INTERNATIONAL STANDARD BOOK NUMBER | |
| International Standard Book Number | 0117027065 |
| 035 ## - SYSTEM CONTROL NUMBER | |
| System control number | (Sirsi) u114913 |
| 050 ## - LIBRARY OF CONGRESS CALL NUMBER | |
| Classification number | 551.52 |
| 100 ## - MAIN ENTRY--PERSONAL NAME | |
| Personal name | Curran, S. |
| 245 ## - TITLE STATEMENT | |
| Title | Climate change levy and your business |
| 260 ## - PUBLICATION, DISTRIBUTION, ETC. | |
| Place of publication, distribution, etc. | London |
| Name of publisher, distributor, etc. | Stationery Office |
| Date of publication, distribution, etc. | 2001 |
| 300 ## - PHYSICAL DESCRIPTION | |
| Extent | viii, 106p. ; 24cm. |
| 350 ## - PRICE (NR) (BK AM CF MU VM SE) [OBSOLETE] | |
| Price | 17.99 |
| 490 ## - SERIES STATEMENT | |
| Series statement | Stationery Office You Need This Book First Series |
| 520 ## - SUMMARY, ETC. | |
| Summary, etc. | The Climate Change Levy came into effect in April 2001 and will mean significant increases in energy bills for businesses. This book explains the background to the levy, the legislation and how to ensure business can minimise its effects. |
| 650 ## - SUBJECT ADDED ENTRY--TOPICAL TERM | |
| Topical term or geographic name entry element | CLIMATE CHANGE LEVY |
| 650 ## - SUBJECT ADDED ENTRY--TOPICAL TERM | |
| Topical term or geographic name entry element | POLLUTION |
| 650 ## - SUBJECT ADDED ENTRY--TOPICAL TERM | |
| Topical term or geographic name entry element | GLOBAL WARMING |
| 650 ## - SUBJECT ADDED ENTRY--TOPICAL TERM | |
| Topical term or geographic name entry element | ENERGY EFFICIENCY |
| 690 ## - LOCAL SUBJECT ADDED ENTRY--TOPICAL TERM (OCLC, RLIN) | |
| Topical term or geographic name as entry element | Environment |
| 9 (RLIN) | 6238 |
| 700 ## - ADDED ENTRY--PERSONAL NAME | |
| Personal name | McDonald, D. |
| 942 ## - ADDED ENTRY ELEMENTS (KOHA) | |
| Suppress in OPAC | 0 |
| Withdrawn status | Lost status | Source of classification or shelving scheme | Damaged status | Not for loan | Home library | Current library | Shelving location | Date acquired | Cost, normal purchase price | Total Checkouts | Full call number | Barcode | Date last seen | Date last checked out | Copy number | Cost, replacement price | Price effective from | Koha item type |
|---|---|---|---|---|---|---|---|---|---|---|---|---|---|---|---|---|---|---|
| Dewey Decimal Classification | London | London | Books | 02/01/2002 | 15.29 | 2 | 551.52 CUR | 30065248 | 06/08/2019 | 16/04/2009 | 1 | 15.29 | 06/08/2019 | Book |